MARC

LEADER 00000nam0a2200000 4500
001 365391
005 20231102011800.0
035 |a (RuTPU)RU\TPU\retro\22754 
090 |a 365391 
100 |a 20211227d1981 k y0rusy50 ca 
101 0 |a rus 
102 |a UA 
105 |a a z 001zy 
200 1 |a Вычислительная математика и программирование в физических исследованиях  |e сборник научных трудов  |f Академия наук Украинской ССР, Физико-технический институт низких температур им. Б. И. Веркина ; под ред. К. В. Маслова 
210 |a Киев  |c Наукова думка  |d 1981 
215 |a 76 с.  |c ил. 
320 |a Библиогр. в конце ст. 
606 1 |a Математическая обработка наблюдений  |x (физика)  |2 stltpush  |3 (RuTPU)RU\TPU\subj\66436  |9 82563 
610 1 |a вычислительная математика 
610 1 |a программирование 
610 1 |a физические исследования 
610 1 |a системное программирование 
610 1 |a экспериментальная физика 
610 1 |a Алгол 60 
610 1 |a Сириус 
610 1 |a математическое обеспечение 
675 |a 53.08  |v 4 
702 1 |a Маслов  |b К. В.  |4 340 
712 0 2 |a Академия наук Украинской ССР  |b Физико-технический институт низких температур им. Б. И. Веркина  |c (Харьков)  |2 stltpush  |3 (RuTPU)RU\TPU\col\1121  |9 23519 
801 1 |a RU  |b 63413507  |c 20211227 
942 |c BK